00514nas a22001697a 4500999001500000008004100015022001500056245003400071260005700105300000900162310001400171546001400185590002600199590008000225650002700305942001200332 c1257d1257130314t20009999ag ||||| |||| 00| 0 spa d a1515-3460  aRevista Argentina de Medicina aBuenos Aires:bSociedad Argentina de Medicina,c2000 av. : abimestral aespañol aIndizada en: Latindex aExistencias: 2000 2(2, supl 1); 2001 3(3) BAJA DEPOSITO (CAJA 21) MAYO 2019 aMEDICINA INTERNA91738 2ddccCR